[Event "Rio de Janeiro Autumn op"]
[Site "Rio de Janeiro"]
[Date "2016.03.26"]
[Round "4"]
[White "De Azevedo, Marques Ubiratan"]
[Black "Maia, Erick de Figueiredo"]
[Result "1-0"]
[WhiteElo "1867"]
[BlackElo "1639"]
[PlyCount "79"]
[EventDate "2016.03.25"]
[EventType "swiss"]
[EventRounds "6"]
[EventCountry "BRA"]
[SourceTitle "CBM 171 Extra"]
[Source "ChessBase"]
[SourceDate "2016.04.26"]
[SourceVersion "1"]
[SourceVersionDate "2016.04.26"]
[SourceQuality "1"]

1. d4 Nf6 2. Nf3 g6 3. h3 Bg7 4. Bf4 c5 5. c3 cxd4 6. cxd4 d6 7. e3 Qa5+ 8. Nbd2 Nc6 9. a3 Bd7 10. Bd3 0-0 11. 0-0 Rac8 12. Re1 a6 13. Rc1 b5 14. e4 d5 15. Nb3 Qa4 16. e5 Ne8 17. Bc2 Bf5 18. Bxf5 gxf5 19. Qd3 e6 20. h4 Ne7 21. Bg5 Rxc1 22. Rxc1 f6 23. exf6 Bxf6 24. Nc5 Qa5 25. Nxe6 Rf7 26. Ne5 Bxe5 27. dxe5 Qb6 28. Nf4 Qb7 29. Ne6 Qd7 30. Nd4 Ng7 31. Qg3 Ng6 32. Bf6 Nh5 33. Qg5 Nxf6 34. exf6 Kf8 35. Nxf5 Qe6 36. Qh6+ Kg8 37. g4 Qxf6 38. h5 Ne5 39. Rc8+ Rf8 40. Qxf6 1-0